Effect of Earrthing up and Nitrogen Scheduling on Tillering, Yield and Quality of Sugarcane (Saccharum officinarum) / (Record no. 50432)

MARC details
000 -LEADER
fixed length control field 00564nam a22001937a 4500
003 - CONTROL NUMBER IDENTIFIER
control field OSt
008 - FIXED-LENGTH DATA ELEMENTS--GENERAL INFORMATION
fixed length control field 260505b |||||||| |||| 00| 0 eng d
082 ## - DEWEY DECIMAL CLASSIFICATION NUMBER
Classification number 633.61
Item number P74E
100 ## - MAIN ENTRY--PERSONAL NAME
Personal name Prasad, Rajendra.
245 ## - TITLE STATEMENT
Title Effect of Earrthing up and Nitrogen Scheduling on Tillering, Yield and Quality of Sugarcane (Saccharum officinarum) /
Statement of responsibility, etc. by Rajendra Prasad
260 ## - PUBLICATION, DISTRIBUTION, ETC. (IMPRINT)
Place of publication, distribution, etc .- Pusa, Samastipur
Name of publisher, distributor, etc : RAU
Date of publication, distribution, etc , 2008
300 ## - PHYSICAL DESCRIPTION
Extent 102p.
502 ## - DISSERTATION NOTE
Degree type Ph. D.
Year degree granted 2008
650 ## - SUBJECT ADDED ENTRY--TOPICAL TERM
Topical term or geographic name as entry element Agronomy
650 ## - SUBJECT ADDED ENTRY--TOPICAL TERM
Topical term or geographic name as entry element Sugarcane
650 ## - SUBJECT ADDED ENTRY--TOPICAL TERM
Topical term or geographic name as entry element Thesis
650 ## - SUBJECT ADDED ENTRY--TOPICAL TERM
Topical term or geographic name as entry element Ph. D.
942 ## - ADDED ENTRY ELEMENTS (KOHA)
Source of classification or shelving scheme
Koha item type Thesis
Holdings
Withdrawn status Lost status Source of classification or shelving scheme Damaged status Not for loan Home library Current library Date acquired Source of acquisition Cost, normal purchase price Total Checkouts Full call number Barcode Date last seen Bill Date Koha item type Bill Number
          Dr. Rajendra Prasad Central Agricultural University Pusa, Dr. Rajendra Prasad Central Agricultural University Pusa, 05/05/2026 by Author 0.00   633.61 P74E 59700 05/05/2026 05/05/2026 Thesis Gift
Hosted, Implemented, Customized & Maintained by: BestBookBuddies

Powered by Koha